000 00697nam a2200181 4500
999 _c17094
_d17094
008 220602b ||||| |||| 00| 0 eng d
022 _a0732-8435
082 _aDPer 657.05 C33 Sept - Dec 2012, v. 82 n. 9 - 12
100 _aChen, Clement C.
_945430
245 _aThe communication methods of today's students:
_bis the phone conversation dead?/
_cClement C. Chen, Keith T. Jones and Shawn Xu.
260 _aNew York:
_bThe New York State Society of CPA,
_c©2012.
300 _av82 n11, page 66-71:
_b illustrations:
_c28 cm.
500 _aThe CPA Journal.
650 _aCommunication.
_945431
700 _aJones, K. T.
_eAuthor.
_945432
700 _aXu, S.
_eAuthor.
_945433
942 _2ddc
_cPER